Medi natural 3 : coneixement del medi natural : primària : cicle mitjà I

Gespeichert in:
Bibliographische Detailangaben
1. Verfasser: Barberillo, Mercè
Weitere Verfasser: Julià, Alegria Navarro, Oriol
Format: Buch
Sprache:Katalanisch
Erschienen: Barcelona : Casals, 1995
Ausgabe:2a ed.
Katalog:MANES:  Suchergebnis im Bibliothekskatalog
Schulbuchspezifische Eigenschaften:
Tags: Tag hinzufügen
Keine Tags, Fügen Sie den ersten Tag hinzu!
Hinzugefügt zu:16.10.2003
Geändert in:07.05.2025

MARC

LEADER 00000nam a2200000 a 4500
001 .b3019366
003 ES-BaCBU
005 20250507130133.0
008 031017s1995 spca b|l 000 ||cat|c
020 |a 8421813005 (llibre de text) 
035 |a 8421813005  |9 ES-BaUB001  |a 0783-14260  |9 ES-BaUB035 
040 |a ES-BaUB  |b cat  |c ES-BaUB 
100 1 |a Barberillo, Mercè  |9 32790 
245 1 0 |a Medi natural 3 :  |b coneixement del medi natural : primària : cicle mitjà I /  |c Mercè Barberillo, Alegria Julià, Oriol Navarro 
250 |a 2a ed. 
260 |a Barcelona :  |b Casals,  |c 1995 
300 |a vol. (159 p.):  |b il. col.;  |c 27 cm 
505 8 |a Conté: Llibre de text 
546 |a España 
561 |5 es-CRAI  |3 p1 TX EP 4/3 CAS  |a España. Biblioteca Universitat de Barcelona  |k MANES 
690 0 |a CN 
691 0 |a PRI 
700 1 |a Julià, Alegria  |9 32792  |a Navarro, Oriol  |9 32793 
856 |y Registro en Cercabib - CRAI 
942 |2 ddc  |c BK 
999 |c 89628  |d 89628 
999 |c manes:89628  |d 89628